[Event "Moscow Open 2009 A"]
[Site ""]
[Date "2009.02.04"]
[Round "5.84"]
[White "Reshetnikov, Alexey"]
[Black "Elishev, Ivan"]
[Result "1-0"]
[WhiteElo "2397"]
[BlackElo "2239"]
[Annotator ""]
[Source ""]
[Remark ""]

1.e4 d5 2.exd5 Nf6 3.d4 Bg4 4.f3 Bf5 5.Bb5+ Nbd7 6.Nc3 a6 7.Ba4
b5 8.Bb3 Nb6 9.Nge2 Nfxd5 10.Nxd5 Nxd5 11.Ng3 Bc8 12.Ne4 e6 13.Bg5
f6 14.Bh4 Bd6 15.Qe2 O-O 16.O-O c6 17.Rfe1 Qc7 18.Nxd6 Qxd6 19.Bg3
Qd8 20.c3 a5 21.Bc2 Rf7 22.Qd3 g6 23.b3 Qf8 24.a3 Nb6 25.c4 Bd7
26.Bc7 Nc8 27.Qc3 c5 28.Be4 b4 29.Qd2 Ra6 30.axb4 cxd4 31.b5
Ra7 32.b6 1-0

[Event "Moscow Open 2009 A"]
[Site ""]
[Date "2009.02.04"]
[Round "5.85"]
[White "Nyudleev, Dolgan"]
[Black "Gurkin, A"]
[Result "1-0"]
[WhiteElo "2397"]
[BlackElo "2176"]
[Annotator ""]
[Source ""]
[Remark ""]

1.e4 c5 2.Nf3 Nc6 3.d4 cxd4 4.Nxd4 e5 5.Nb5 d6 6.N1c3 a6 7.Na3
b5 8.Nd5 Nce7 9.c4 Nxd5 10.Qxd5 Be6 11.Qd1 Nf6 12.Bd3 bxc4 13.Nxc4
Be7 14.O-O O-O 15.Be3 Rc8 16.b3 Ng4 17.h3 Nxe3 18.Nxe3 Qb6 19.Bc4
Rcd8 20.Qd3 a5 21.Rad1 Qa7 22.Bd5 Rc8 23.Nc4 Rc5 24.Ne3 g6 25.a3
Rfc8 26.Qe2 Kg7 27.b4 Rc3 28.b5 Qc5 29.Bc6 Rxa3 30.Rc1 Rc3 31.Qd2
Rxc1 32.Rxc1 Qb4 33.Qxb4 axb4 34.Rb1 d5 35.exd5 Bf5 36.Nxf5+
gxf5 37.b6 Kf8 38.b7 1-0

[Event "Moscow Open 2009 A"]
[Site ""]
[Date "2009.02.04"]
[Round "5.86"]
[White "Kolomensky, Vladimir"]
[Black "Paveliev, Alexey"]
[Result "0-1"]
[WhiteElo "2253"]
[BlackElo "2396"]
[Annotator ""]
[Source ""]
[Remark ""]

1.e4 e6 2.d4 d5 3.Nd2 Be7 4.Bd3 Nc6 5.Ngf3 Nb4 6.Be2 dxe4 7.Nxe4
Nf6 8.Nxf6+ Bxf6 9.c3 Nc6 10.Bf4 O-O 11.O-O b6 12.Bd3 Bb7 13.Qc2
h6 14.Bh7+ Kh8 15.Be4 Qc8 16.Qd2 Rd8 17.Rfe1 Kg8 18.Bxh6 gxh6
19.Qxh6 Bg7 20.Qh7+ Kf8 21.Ng5 Rd6 22.Re3 Nd8 23.Bxb7 Qxb7 24.Rg3
Bf6 25.Ne4 e5 26.Rf3 Bg7 27.Rg3 Bf6 28.Rf3 Re6 0-1

[Event "Moscow Open 2009 A"]
[Site ""]
[Date "2009.02.04"]
[Round "5.87"]
[White "Denisov, Ivan"]
[Black "Reutsky, Sergei"]
[Result "1/2-1/2"]
[WhiteElo "2193"]
[BlackElo "2381"]
[Annotator ""]
[Source ""]
[Remark ""]

1.e4 e6 2.d4 d5 3.Nd2 c5 4.Ngf3 cxd4 5.exd5 Qxd5 6.Bc4 Qd6 7.O-O
Nf6 8.Nb3 Nc6 9.Nbxd4 Nxd4 10.Nxd4 a6 11.Re1 Qc7 12.Qe2 Bd6 13.h3
O-O 14.Bg5 Qc5 15.Bxf6 gxf6 16.Rad1 Kh8 17.Nb3 Qc7 18.Rd4 Rg8
19.Bd3 f5 20.Qh5 Bd7 21.Qh4 Rg6 22.Rc4 Bc6 23.g4 Rd8 24.Nd4 Be7
25.Qg3 Qxg3+ 26.fxg3 Bd5 27.Rc7 Bd6 28.Rxf7 Bxg3 29.Re2 Rh6 30.c4
Bc6 31.Rxe6 Rxh3 32.Nxc6 Bh2+ 33.Kg2 Rhxd3 34.Kxh2 Rd2+ 1/2-1/2

[Event "Moscow Open 2009 A"]
[Site ""]
[Date "2009.02.04"]
[Round "5.88"]
[White "Tilicheev, Viacheslav"]
[Black "Moiseev, Gumar"]
[Result "1/2-1/2"]
[WhiteElo "2242"]
[BlackElo "2380"]
[Annotator ""]
[Source ""]
[Remark ""]

1.d4 Nf6 2.c4 e6 3.Nc3 d5 4.cxd5 exd5 5.Bg5 Be7 6.e3 c6 7.Qc2
Nbd7 8.Bd3 O-O 9.Nf3 Re8 10.h3 Nf8 11.Bf4 Ng6 12.Bg3 Bd6 13.Bxd6
Qxd6 14.O-O-O Be6 15.Kb1 Rec8 16.g4 c5 17.dxc5 Rxc5 18.Qa4 Qc6
19.Qxc6 Rxc6 20.Nd4 Rd6 21.f4 Bd7 22.g5 Nh5 23.Rhg1 Ne7 24.f5
a6 25.Be2 g6 26.Bxh5 gxh5 27.e4 dxe4 28.Nxe4 Bxf5 29.Nxf5 Rxd1+
30.Rxd1 Nxf5 31.Rd7 b5 32.Rd5 Ne3 33.Nf6+ Kf8 34.Rd3 Nc4 35.b3
Na3+ 36.Kc1 Kg7 37.h4 h6 38.Rd6 hxg5 39.Nxh5+ Kf8 40.hxg5 Ke7
41.Rd4 a5 42.Nf4 Rc8+ 43.Kd1 Rc5 44.Rd5 1/2-1/2

[Event "Moscow Open 2009 A"]
[Site ""]
[Date "2009.02.04"]
[Round "5.90"]
[White "Belous, Vladimir"]
[Black "Osmolny, Vladimir I"]
[Result "1/2-1/2"]
[WhiteElo "2431"]
[BlackElo "2306"]
[Annotator ""]
[Source ""]
[Remark ""]

1.d4 d5 2.c4 Nc6 3.Nc3 dxc4 4.e3 e5 5.d5 Nce7 6.Bxc4 a6 7.Nf3
Ng6 8.O-O Nf6 9.Ng5 Bd6 10.Nge4 Nxe4 11.Nxe4 Be7 12.f4 f5 13.Qh5
fxe4 14.f5 Bxf5 15.Qxf5 Rf8 16.Qxe4 Rxf1+ 17.Kxf1 Bd6 18.Bd2
Qg5 19.Kg1 Ke7 20.Rf1 Rf8 21.Rxf8 Kxf8 22.Be2 Ke8 23.Bg4 Kd8
24.h3 h6 25.Kf2 Nf8 26.Qf5 Qxf5+ 27.Bxf5 1/2-1/2

[Event "Moscow Open 2009 A"]
[Site ""]
[Date "2009.02.04"]
[Round "5.91"]
[White "Matsenko, Sergei"]
[Black "Seliverstov, Vladimir"]
[Result "1-0"]
[WhiteElo "2429"]
[BlackElo "2303"]
[Annotator ""]
[Source ""]
[Remark ""]

1.e4 c5 2.Nf3 d6 3.d4 cxd4 4.Nxd4 Nf6 5.Nc3 a6 6.g3 Bg4 7.f3
Bd7 8.Be3 Nc6 9.g4 Nxd4 10.Qxd4 Bc6 11.O-O-O b5 12.g5 Nd7 13.h4
Rb8 14.h5 Qa5 15.Kb1 e6 16.Bh3 b4 17.Nd5 exd5 18.exd5 Bb5 19.h6
Rg8 20.Qe4+ Be7 21.Qxh7 Kf8 22.Bd4 gxh6 23.Be6 1-0

[Event "Moscow Open 2009 A"]
[Site ""]
[Date "2009.02.04"]
[Round "5.92"]
[White "Kurdakov, Yuri"]
[Black "Sharafiev, Azat"]
[Result "1/2-1/2"]
[WhiteElo "2277"]
[BlackElo "2421"]
[Annotator ""]
[Source ""]
[Remark ""]

1.Nf3 c5 2.c4 b6 3.g3 Bb7 4.Bg2 Nf6 5.Nc3 e6 6.O-O Be7 7.b3 O-O
8.Bb2 a6 9.d4 cxd4 10.Nxd4 Bxg2 11.Kxg2 Qc7 12.e3 Nc6 13.Nxc6
dxc6 14.Qf3 Nd7 15.Rfd1 Bf6 16.Rd2 1/2-1/2

[Event "Moscow Open 2009 A"]
[Site ""]
[Date "2009.02.04"]
[Round "5.93"]
[White "Gaspariants, Garry"]
[Black "Kotenko, Pavel"]
[Result "1/2-1/2"]
[WhiteElo "2268"]
[BlackElo "2398"]
[Annotator ""]
[Source ""]
[Remark ""]

1.Nf3 Nf6 2.c4 g6 3.Nc3 Bg7 4.e4 d6 5.d4 O-O 6.Be2 e5 7.Be3 Ng4
8.Bg5 f6 9.Bc1 f5 10.dxe5 Nxe5 11.Nxe5 Bxe5 12.exf5 Rxf5 13.Be3
Nc6 14.Qd2 Rf8 15.O-O Be6 16.Rac1 Qd7 17.Nd5 Ne7 18.Nxe7+ Qxe7
19.f4 Bg7 20.Bd4 Rae8 21.Bf3 Bc8 22.Bd5+ 1/2-1/2

[Event "Moscow Open 2009 A"]
[Site ""]
[Date "2009.02.04"]
[Round "5.94"]
[White "Okara, Andrey"]
[Black "Cherenkova, Kristina"]
[Result "1-0"]
[WhiteElo "2394"]
[BlackElo "2270"]
[Annotator ""]
[Source ""]
[Remark ""]

1.Nf3 Nf6 2.c4 g6 3.b4 Bg7 4.Bb2 O-O 5.e3 b6 6.d4 c5 7.a3 d5
8.cxd5 cxd4 9.Nxd4 Nxd5 10.Bc4 Bb7 11.O-O e6 12.Nd2 Nd7 13.N2f3
Rc8 14.Qb3 Qe7 15.Rac1 N7f6 16.Rc2 a6 17.Rfc1 b5 18.Bf1 Rxc2
19.Rxc2 Qd6 20.Rc1 Nb6 21.Qd1 Rd8 22.Qe1 Bd5 23.Ba1 Nc4 24.a4
e5 25.Nb3 e4 26.Nfd4 Ng4 27.g3 Nge5 28.axb5 axb5 29.Nc5 Qb6 30.Qd1
h5 31.Qc2 f5 32.Be2 Kh7 33.Rd1 Bf7 34.Bc3 Ra8 35.Nxb5 Qxb5 36.Bxe5
Bxe5 37.Rd7 Ra1+ 38.Kg2 Na3 39.Rxf7+ Kh6 40.Qd2 Qe8 41.Rd7 Nb1
42.Qd5 Nc3 43.Qb7 Qh8 44.Bc4 Ra8 45.Rh7+ Qxh7 46.Qxa8 Qc7 47.Ne6
Qb8 48.Qa5 h4 49.Nd8 Bc7 50.Nf7+ Kg7 51.Qc5 Na4 52.Qe7 hxg3 53.Ng5+
Kh6 54.Qh7+ Kxg5 55.h4+ 1-0

[Event "Moscow Open 2009 A"]
[Site ""]
[Date "2009.02.04"]
[Round "5.95"]
[White "Agaragimov, Djakhangir"]
[Black "Syrchikov, Alexander"]
[Result "1-0"]
[WhiteElo "2393"]
[BlackElo "2261"]
[Annotator ""]
[Source ""]
[Remark ""]

1.d4 Nf6 2.c4 e6 3.Nf3 b6 4.g3 Bb7 5.Bg2 Be7 6.Nc3 d5 7.cxd5
exd5 8.O-O O-O 9.Bf4 Na6 10.Qa4 c5 11.Rfd1 Nb4 12.Rd2 a5 13.a3
Na6 14.Qb5 cxd4 15.Nxd4 Nc5 16.Nf5 Re8 17.Rad1 Ba6 18.Qc6 Bb7
19.Qc7 Qxc7 20.Bxc7 Nb3 21.Nxd5 Bxd5 22.Bxd5 Nxd5 23.Rxd5 Bf6
24.e3 Rec8 25.Be5 Rc1 26.Bxf6 gxf6 27.Rxc1 Nxc1 28.Rd6 Rb8 29.Rxf6
Nd3 30.b3 Nc5 31.b4 axb4 32.axb4 Ne6 33.Rh6 Ra8 34.Rh4 Ra1+ 35.Kg2
Rb1 36.Nd6 Ng7 37.Nc8 b5 38.Nd6 1-0

[Event "Moscow Open 2009 A"]
[Site ""]
[Date "2009.02.04"]
[Round "5.96"]
[White "Gorbatov, Alexej"]
[Black "Vorobjov, Denis S"]
[Result "1-0"]
[WhiteElo "2389"]
[BlackElo "2259"]
[Annotator ""]
[Source ""]
[Remark ""]

1.d4 Nf6 2.c4 g6 3.Nc3 d5 4.Nf3 Bg7 5.Bg5 Ne4 6.cxd5 Nxg5 7.Nxg5
e6 8.Nf3 exd5 9.e3 O-O 10.b4 c6 11.Rc1 Bg4 12.Be2 Qd6 13.b5 Nd7
14.bxc6 bxc6 15.O-O Rfb8 16.Na4 a5 17.Qc2 Rb4 18.a3 Bf5 19.Qd1
Rb7 20.Bd3 Bxd3 21.Qxd3 Rb5 22.Nd2 Rab8 23.Rc2 Bf8 24.Ra1 c5
25.g3 c4 26.Qe2 f5 27.g4 Nf6 28.gxf5 gxf5 29.Kh1 Re8 30.Rg1+
Kh8 31.Qf3 f4 32.Nc5 Qc7 33.a4 Reb8 34.e4 dxe4 35.Ncxe4 Nxe4
36.Nxe4 Qb7 37.Nd2 Qxf3+ 38.Nxf3 Rb4 39.Ne5 Bg7 40.Rxc4 Bxe5
41.Rxb4 axb4 42.dxe5 1-0

[Event "Moscow Open 2009 A"]
[Site ""]
[Date "2009.02.04"]
[Round "5.97"]
[White "Morev, Ivan"]
[Black "Shukh, Nikolai"]
[Result "1-0"]
[WhiteElo "2249"]
[BlackElo "2364"]
[Annotator ""]
[Source ""]
[Remark ""]

1.e4 e5 2.Nf3 Nc6 3.Bb5 Nf6 4.O-O Nxe4 5.d4 Nd6 6.Bxc6 dxc6 7.dxe5
Nf5 8.Qxd8+ Kxd8 9.Nc3 Ne7 10.b3 Ke8 11.Bb2 Nd5 12.Ne4 Bf5 13.Nfd2
a5 14.a3 c5 15.a4 Rd8 16.Rfc1 Be7 17.g3 Kd7 18.f3 Kc6 19.c3 b6
20.Re1 Rhe8 21.Nf1 h6 22.Re2 Bf8 23.h4 Ne7 24.Nf2 Be6 25.c4 Nf5
26.h5 Nd4 27.Bxd4 Rxd4 28.g4 Be7 29.Ng3 Bg5 30.Kg2 Red8 31.Rae1
Kb7 32.Nh3 Bd2 1-0

[Event "Moscow Open 2009 A"]
[Site ""]
[Date "2009.02.04"]
[Round "5.98"]
[White "Nazaryev, Sergey"]
[Black "Gershkowich, David"]
[Result "1/2-1/2"]
[WhiteElo "2236"]
[BlackElo "2360"]
[Annotator ""]
[Source ""]
[Remark ""]

1.Nf3 d5 2.g3 Nf6 3.Bg2 c6 4.O-O Bg4 5.d3 e6 6.Nbd2 Be7 7.e4
O-O 8.Qe2 Na6 9.Re1 Qc7 10.Nf1 dxe4 11.dxe4 e5 12.h3 Bh5 13.g4
Bg6 14.Nh4 Bxe4 15.Bxe4 Nxe4 16.Qxe4 Bxh4 1/2-1/2

[Event "Moscow Open 2009 A"]
[Site ""]
[Date "2009.02.04"]
[Round "5.99"]
[White "Konovalov, Vladislav"]
[Black "Kulakov, Viacheslav"]
[Result "1-0"]
[WhiteElo "2208"]
[BlackElo "2360"]
[Annotator ""]
[Source ""]
[Remark ""]

1.Nf3 d5 2.g3 Nf6 3.Bg2 c6 4.O-O Bf5 5.c4 e6 6.b3 Nbd7 7.Bb2
Be7 8.d3 O-O 9.Nh4 Bg4 10.h3 Bh5 11.g4 Bg6 12.Nxg6 hxg6 13.Nd2
a5 14.a3 Qb6 15.e3 Nc5 16.Qc2 dxc4 17.bxc4 Qc7 18.d4 Ncd7 19.f4
g5 20.fxg5 Nh7 21.h4 Qg3 22.Rf3 Qxg4 23.Rf4 Qh5 24.Bf3 Qg6 25.Qxg6
fxg6 26.Re4 Bxg5 27.hxg5 Nxg5 28.Bg4 Nxe4 29.Bxe6+ Kh7 30.Nxe4
Rae8 31.Kg2 Nf6 32.Rh1+ Nh5 33.d5 1-0

[Event "Moscow Open 2009 A"]
[Site ""]
[Date "2009.02.04"]
[Round "5.100"]
[White "Onoprijchuk, Boris"]
[Black "Omariev, Maksim"]
[Result "1/2-1/2"]
[WhiteElo "2358"]
[BlackElo "2248"]
[Annotator ""]
[Source ""]
[Remark ""]

1.e4 c5 2.Nf3 d6 3.d4 cxd4 4.Nxd4 Nf6 5.Nc3 a6 6.g3 b5 7.Bg2
Bb7 8.O-O e6 9.Re1 Qc7 10.Bg5 Nbd7 11.a4 bxa4 12.Rxa4 Be7 13.Nb3
Nb6 14.Rd4 Nc4 15.Rxc4 Qxc4 16.Na5 Qc7 17.Nxb7 O-O 18.Qa1 Qxb7
19.e5 Nd5 20.Nxd5 exd5 21.Bxd5 Qxd5 22.Bxe7 Rfe8 23.exd6 Qd2
24.Rf1 Qe2 25.d7 Qxe7 1/2-1/2

[Event "Moscow Open 2009 A"]
[Site ""]
[Date "2009.02.04"]
[Round "5.101"]
[White "Kotov, Alexander"]
[Black "Zolotukhin, Valery"]
[Result "0-1"]
[WhiteElo "2203"]
[BlackElo "2358"]
[Annotator ""]
[Source ""]
[Remark ""]

1.d4 Nf6 2.c4 g6 3.Nc3 Bg7 4.e4 d6 5.f3 O-O 6.Be3 Nc6 7.Qd2 a6
8.Nge2 Rb8 9.Nc1 e5 10.Nb3 exd4 11.Nxd4 Ne5 12.Be2 c5 13.Nc2
Be6 14.Na3 Qe7 15.O-O Rfd8 16.Bg5 Nc6 17.Rfe1 Qf8 18.Nc2 h6 19.Be3
b5 20.cxb5 axb5 21.Bxb5 Na7 22.a4 d5 23.e5 Nd7 24.Bf4 d4 25.Ne4
Nxb5 26.axb5 Nxe5 27.Na3 Rd5 28.Nf2 g5 29.Bg3 c4 30.Ng4 c3 31.bxc3
dxc3 32.Qxd5 Bxd5 33.Nxe5 Re8 0-1

[Event "Moscow Open 2009 A"]
[Site ""]
[Date "2009.02.04"]
[Round "5.102"]
[White "Antipov, Mikhail Al"]
[Black "Stukopin, Andrey"]
[Result "0-1"]
[WhiteElo "2194"]
[BlackElo "2357"]
[Annotator ""]
[Source ""]
[Remark ""]

1.e4 c5 2.Nf3 e6 3.b3 d6 4.Bb2 Nf6 5.Bb5+ Bd7 6.Bxd7+ Nbxd7 7.Qe2
Be7 8.O-O O-O 9.c3 Rc8 10.d3 b5 11.Nbd2 Qb6 12.Rac1 Nb8 13.e5
dxe5 14.Nxe5 Nbd7 15.Nxd7 Nxd7 16.c4 Bf6 17.Ne4 Bxb2 18.Qxb2
b4 19.f4 Rcd8 20.Rf3 f5 21.Rg3 Rf7 22.Ng5 Re7 23.Re1 Nf8 24.Rge3
Rd6 25.g3 h6 26.Nf3 Nd7 27.Ne5 Nxe5 28.Qxe5 Red7 29.Kf2 Qc6 30.h3
Kh7 31.Rd1 a5 32.g4 fxg4 33.hxg4 Rd4 34.Kg3 Rf7 35.Rf1 g5 36.Qxe6
Qxe6 37.Rxe6 Rxd3+ 38.Rf3 Rxf3+ 39.Kxf3 Rxf4+ 40.Kg3 Rd4 41.Re7+
Kg6 42.Re2 Rd3+ 43.Kg2 Rd4 44.Kg3 h5 45.gxh5+ Kxh5 46.Re5 Rd3+
47.Kg2 Kg4 48.Rxc5 Rd2+ 49.Kf1 Rxa2 50.Rd5 a4 51.Rd4+ Kh5 52.Rd3
a3 53.Ke1 Rb2 0-1

[Event "Moscow Open 2009 A"]
[Site ""]
[Date "2009.02.04"]
[Round "5.103"]
[White "Oparin, Grigoriy"]
[Black "Egorov, Dmitry"]
[Result "0-1"]
[WhiteElo "2189"]
[BlackElo "2346"]
[Annotator ""]
[Source ""]
[Remark ""]

1.e4 d6 2.d4 Nf6 3.Bd3 g6 4.Nf3 Bg7 5.c3 O-O 6.O-O Nc6 7.Re1
e5 8.Be3 h6 9.Nbd2 Ng4 10.h3 Nxe3 11.fxe3 Qe7 12.Qc2 b6 13.Rf1
Bb7 14.Rae1 Nb8 15.b4 Nd7 16.c4 a5 17.a3 axb4 18.axb4 Ra3 19.Nb1
Ra1 20.d5 Rfa8 21.Nc3 Rxe1 22.Rxe1 Nf6 23.Qb2 Bc8 24.Ra1 Rxa1+
25.Qxa1 Bd7 26.Kf2 Ne8 27.Ke2 f5 28.Qe1 f4 29.Bc2 Nf6 30.Qa1
g5 31.Ba4 g4 32.hxg4 Bxg4 33.Bc6 Nh5 34.Qa8+ Kh7 35.Qe8 Qh4 36.Bd7
Qg3 37.Bf5+ Bxf5 38.exf5 Qxg2+ 39.Kd3 Nf6 40.Qg6+ Qxg6 41.fxg6+
Kxg6 42.exf4 exf4 43.Nb5 Ne8 44.Ke4 Be5 45.Nfd4 Nf6+ 46.Kf3 Nh7
47.Ne6 Kf5 48.Nbd4+ Kf6 49.Nb5 c6 50.Nbc7 cxd5 51.Nxf4 Ng5+ 52.Kg4
dxc4 53.Ncd5+ Kf7 54.Nxb6 c3 55.Nd3 Ke6 56.Kh5 Bd4 57.Na4 c2
58.b5 Nf7 59.b6 Kd7 60.Nc1 Be3 61.Nb3 c1Q 62.Nxc1 Bxc1 63.Nc3
Kc6 64.Ne4 Ne5 0-1

[Event "Moscow Open 2009 A"]
[Site ""]
[Date "2009.02.04"]
[Round "5.104"]
[White "Semin, Gennadiy"]
[Black "Przybylski, Wojciech"]
[Result "0-1"]
[WhiteElo "2171"]
[BlackElo "2337"]
[Annotator ""]
[Source ""]
[Remark ""]

1.d4 d5 2.c4 c6 3.Nf3 Nf6 4.Nc3 e6 5.Bf4 dxc4 6.e4 b5 7.Qc2 Bb7
8.Be2 Be7 9.O-O O-O 10.h3 Nbd7 11.Rad1 Qc8 12.Rfe1 b4 13.Na4
c5 14.Bxc4 cxd4 15.Rxd4 Nc5 16.Nxc5 Qxc5 17.Rd2 Rac8 18.b3 h6
19.Ne5 Rfd8 20.Rxd8+ Rxd8 21.Nd3 Qd4 22.Be5 Qb6 23.Nb2 Qc6 24.Bxf6
Bxf6 25.Nd3 a5 26.Re2 Rd4 27.Kf1 Rxe4 28.f3 Rd4 29.Qb1 Qd6 30.Kg1
Bd8 31.Qc2 Bb6 32.Kh1 Bc7 33.Ne5 Rd1+ 34.Kh2 Qxe5+ 35.Rxe5 Bxe5+
36.g3 Bxf3 37.Bf1 Rxf1 38.Qc8+ Kh7 39.Qc2+ f5 40.Qxf5+ exf5 0-1

[Event "Moscow Open 2009 A"]
[Site ""]
[Date "2009.02.04"]
[Round "5.105"]
[White "Bukavshin, Ivan"]
[Black "Baghdasaryan, Vahe"]
[Result "1-0"]
[WhiteElo "2326"]
[BlackElo "2246"]
[Annotator ""]
[Source ""]
[Remark ""]

1.e4 c5 2.Nf3 e6 3.d4 cxd4 4.Nxd4 Nc6 5.Nc3 Qc7 6.Be2 Nf6 7.O-O
a6 8.Be3 Bb4 9.Na4 Be7 10.Nxc6 bxc6 11.Nb6 Rb8 12.Nxc8 Qxc8 13.Bd4
c5 14.Be5 Rb6 15.Qd3 O-O 16.b3 d5 17.exd5 exd5 18.Bf3 Rd8 19.Rad1
c4 20.Qd4 Re6 21.Rfe1 Bc5 22.Qb2 cxb3 23.axb3 Bb6 24.Bxf6 Rxf6
25.c4 d4 26.Re4 h6 27.Qa1 Bc5 28.Rde1 Qb8 29.h4 Bb4 30.R1e2 Bc3 1-0

[Event "Moscow Open 2009 A"]
[Site ""]
[Date "2009.02.04"]
[Round "5.106"]
[White "Chizhikov, Vladislav"]
[Black "Bogachkov, Igor"]
[Result "0-1"]
[WhiteElo "2167"]
[BlackElo "2324"]
[Annotator ""]
[Source ""]
[Remark ""]

1.e4 c5 2.Nf3 Nc6 3.d4 cxd4 4.Nxd4 e5 5.Nb5 d6 6.N1c3 a6 7.Na3
b5 8.Nd5 Nf6 9.Bg5 Be7 10.Bxf6 Bxf6 11.c3 Bg5 12.Nc2 O-O 13.a4
bxa4 14.Rxa4 Rb8 15.b4 a5 16.b5 Ne7 17.Nxe7+ Qxe7 18.Bc4 Be6
19.Bxe6 fxe6 20.c4 Rf4 21.f3 Qc7 22.Qd3 Rbf8 23.Ke2 Bd8 24.Rd1
Qf7 25.Ne1 Qh5 26.h3 Bb6 27.Rd2 Bc5 28.Rda2 Qh4 29.Kd1 Rd8 30.Nc2
d5 31.cxd5 exd5 32.Kc1 Qg5 33.Kb2 Qxg2 34.exd5 Rxf3 35.Qe4 Bd4+
36.Rxd4 exd4 37.Qxd4 Rc8 38.Qd1 Rf2 39.Ka1 Rfxc2 0-1

[Event "Moscow Open 2009 A"]
[Site ""]
[Date "2009.02.04"]
[Round "5.107"]
[White "Pasiev, Rakhim"]
[Black "Tenikashvili, Georgij"]
[Result "0-1"]
[WhiteElo "2152"]
[BlackElo "2324"]
[Annotator ""]
[Source ""]
[Remark ""]

1.e4 c6 2.d4 d5 3.e5 c5 4.dxc5 Nc6 5.Nf3 Bg4 6.Bb5 Qa5+ 7.Nc3
e6 8.Be3 Nge7 9.a3 Nf5 10.b4 Qc7 11.Bxc6+ bxc6 12.Bd4 Be7 13.O-O
O-O 14.Re1 f6 15.exf6 Bxf3 16.gxf3 Nxd4 17.Qxd4 Rxf6 18.Qe3 Rg6+
19.Kf1 Qxh2 20.Ke2 Bg5 21.Qd3 Rf8 22.b5 Bh4 23.Rf1 Qe5+ 24.Qe3
Bf6 0-1

[Event "Moscow Open 2009 A"]
[Site ""]
[Date "2009.02.04"]
[Round "5.108"]
[White "Shefer, Alexander"]
[Black "Mikheev, Stanislav"]
[Result "0-1"]
[WhiteElo "2146"]
[BlackElo "2321"]
[Annotator ""]
[Source ""]
[Remark ""]

1.d4 Nf6 2.Nf3 g6 3.c4 Bg7 4.g3 c6 5.Bg2 d5 6.O-O O-O 7.Nc3 dxc4
8.Ne5 Ng4 9.Nxc4 Qxd4 10.Qb3 Na6 11.Ne3 Qb4 12.Nxg4 Bxg4 13.Be3
Qxb3 14.axb3 Nc7 15.Bxa7 Bxc3 16.bxc3 Nb5 17.Bd4 Bxe2 18.Rfe1
Rxa1 19.Rxa1 Nxd4 20.cxd4 Rd8 21.Re1 Ba6 22.Rxe7 Rxd4 23.f4 Kf8
24.Re3 Rd3 25.Kf2 Rxe3 26.Kxe3 Ke7 27.Kd4 Kd6 28.b4 b6 0-1

[Event "Moscow Open 2009 A"]
[Site ""]
[Date "2009.02.04"]
[Round "5.109"]
[White "Oganisjn, Roman"]
[Black "Galkin, Vladimir"]
[Result "1-0"]
[WhiteElo "2321"]
[BlackElo "2194"]
[Annotator ""]
[Source ""]
[Remark ""]

1.d4 d5 2.c4 dxc4 3.Nf3 Nf6 4.e3 Bg4 5.Bxc4 e6 6.Qb3 Bxf3 7.gxf3
Nbd7 8.Qxb7 c5 9.Nc3 cxd4 10.exd4 Be7 11.Bb3 O-O 12.f4 Nb6 13.Rg1
g6 14.f5 exf5 15.Bh6 Re8 16.O-O-O Rc8 17.Kb1 Rc7 18.Qf3 Ng4 19.Rxg4 1-0

[Event "Moscow Open 2009 A"]
[Site ""]
[Date "2009.02.04"]
[Round "5.110"]
[White "Vakhlamov, Igor L"]
[Black "Nikitin, Yuri"]
[Result "1/2-1/2"]
[WhiteElo "2127"]
[BlackElo "2319"]
[Annotator ""]
[Source ""]
[Remark ""]

1.e4 c5 2.Nf3 d6 3.d4 cxd4 4.Qxd4 Nc6 5.Bb5 Bd7 6.Bxc6 Bxc6 7.Nc3
Nf6 8.Bg5 e6 9.O-O-O Be7 10.Rhe1 O-O 11.e5 dxe5 12.Nxe5 Qa5 13.Nxc6
bxc6 14.Qe5 Qb4 15.Ne4 Nxe4 16.Bxe7 Qxe7 17.Rxe4 Rab8 18.Rg4
g6 19.Rgd4 Rb5 20.Qe3 Rfb8 21.b3 Qa3+ 22.Kb1 Ra5 23.Rd8+ Rxd8
24.Rxd8+ Kg7 25.Qc3+ e5 26.Qb2 Qb4 27.Rd1 Qe4 28.Qc3 Rd5 29.Re1
Qxg2 30.Rxe5 Rd1+ 31.Kb2 Kh6 32.Re3 Rd5 33.Rh3+ 1/2-1/2

[Event "Moscow Open 2009 A"]
[Site ""]
[Date "2009.02.04"]
[Round "5.111"]
[White "Yeo, Michael J"]
[Black "Potapov, Alexey"]
[Result "0-1"]
[WhiteElo "2120"]
[BlackElo "2316"]
[Annotator ""]
[Source ""]
[Remark ""]

1.e4 c6 2.d4 d5 3.e5 Bf5 4.Nc3 a6 5.Nce2 Qc7 6.Ng3 Bd7 7.Nf3
e6 8.Be2 c5 9.c3 Nc6 10.O-O f6 11.Re1 O-O-O 12.exf6 Nxf6 13.Ne5
Nxe5 14.dxe5 Qxe5 15.Bxa6 Qc7 16.Bf1 Bd6 17.a4 h5 18.h3 h4 19.Ne2
Ne4 20.Be3 Rdf8 21.f3 Nf6 22.a5 Bc6 23.b4 d4 24.a6 Nd5 25.Bxd4
cxd4 26.Nxd4 Kb8 27.b5 Bd7 28.axb7 Bc5 29.Kh1 Qd6 30.c4 Nb6 31.Nc6+
Bxc6 32.Qxd6+ Bxd6 33.Rxe6 Rf6 34.Rxf6 gxf6 35.bxc6 Kc7 36.Bd3
Kxc6 37.Ra8 Rb8 38.Be4+ Kc5 39.Ra6 Rd8 40.g4 hxg3 41.Bf5 Bf4
42.Bc8 Rd1+ 43.Kg2 Rd2+ 0-1

[Event "Moscow Open 2009 A"]
[Site ""]
[Date "2009.02.04"]
[Round "5.112"]
[White "Arslanov, Shamil"]
[Black "Inants, Aghasi"]
[Result "1/2-1/2"]
[WhiteElo "2316"]
[BlackElo "2192"]
[Annotator ""]
[Source ""]
[Remark ""]

1.e4 c5 2.c3 Nf6 3.e5 Nd5 4.d4 cxd4 5.Qxd4 e6 6.Nf3 Nc6 7.Qe4
f5 8.Qe2 Be7 9.g3 O-O 10.Bg2 b6 11.O-O g5 12.c4 Nc7 13.Rd1 g4
14.Nd4 Nxd4 15.Rxd4 Rb8 16.Bh6 Rf7 17.Nc3 Bc5 18.Rdd1 Bb7 19.Bxb7
Rxb7 20.a3 Qa8 21.b4 Bf8 22.Bxf8 Kxf8 23.Qd2 Kg8 24.Ne2 Ne8 25.Nf4
Ng7 26.Rac1 Rc7 27.Qd6 Rc6 28.Qd4 Qb7 29.c5 b5 30.Qe3 Rf8 31.Rd6
Rfc8 32.Rcd1 Rxd6 33.Rxd6 Rc6 34.Rd4 a5 35.Rd6 axb4 36.axb4 Qa8
37.Rd1 Rc7 38.Qd4 Qc6 1/2-1/2

[Event "Moscow Open 2009 A"]
[Site ""]
[Date "2009.02.04"]
[Round "5.113"]
[White "Prokopchuk, Yury"]
[Black "Apryshko, Gleb"]
[Result "1-0"]
[WhiteElo "2310"]
[BlackElo "2074"]
[Annotator ""]
[Source ""]
[Remark ""]

1.d4 e6 2.Nf3 Nf6 3.g3 b5 4.Bg2 Bb7 5.O-O c5 6.c3 Na6 7.Nbd2
Be7 8.Re1 d5 9.Ne5 Qb6 10.Ndf3 O-O 11.Bg5 Rfd8 12.Ng4 Nxg4 13.Bxe7
Re8 14.Bg5 h6 15.Bf4 Rac8 16.h3 Nf6 17.a3 Ne4 18.Be3 Qd6 19.Nd2
f5 20.Nxe4 dxe4 21.dxc5 Qf8 22.b4 Nc7 23.Qd6 Qf6 24.c6 Ba8 25.Bd4
Qg6 26.Bxa7 Nd5 27.Qe5 Rxc6 28.Bc5 Ra6 29.e3 Bc6 30.a4 Rxa4 31.Rxa4
bxa4 32.c4 Nf6 33.b5 Bb7 34.Bd4 Qf7 35.Ra1 Ra8 36.c5 Bd5 37.c6
Qe7 38.Bf1 Ne8 39.Rc1 Rc8 40.Bc4 Rd8 41.Bxd5 Rxd5 42.Qb8 1-0

[Event "Moscow Open 2009 A"]
[Site ""]
[Date "2009.02.04"]
[Round "5.116"]
[White "Kalmachevskikh, Viktor"]
[Black "Terekhov, Konstantin"]
[Result "1/2-1/2"]
[WhiteElo "2306"]
[BlackElo "2228"]
[Annotator ""]
[Source ""]
[Remark ""]

1.c4 Nf6 2.g3 e5 3.Bg2 Nc6 4.Nc3 Bc5 5.Nf3 d6 6.O-O a6 7.e3 O-O
8.d4 Ba7 9.dxe5 dxe5 10.Qxd8 Rxd8 11.b3 Bf5 12.Ba3 Rd3 13.Nd5
Nxd5 14.cxd5 Rxd5 15.Nh4 e4 16.Nxf5 Rxf5 17.Bxe4 Rf6 18.Rfd1
Re8 19.Bg2 Bb6 20.Rac1 h6 21.Rc2 a5 22.Rcd2 Rf5 23.Rd5 Rxd5 24.Rxd5
Rd8 25.Kf1 Rxd5 26.Bxd5 Nb4 27.Bxb7 Nxa2 28.Be7 Nb4 29.Be4 g6
30.Ke2 1/2-1/2

[Event "Moscow Open 2009 A"]
[Site ""]
[Date "2009.02.04"]
[Round "5.117"]
[White "Bobylev, Valentin"]
[Black "Guseinov, Elmir"]
[Result "0-1"]
[WhiteElo "2186"]
[BlackElo "2439"]
[Annotator ""]
[Source ""]
[Remark ""]

1.Nf3 c5 2.g3 b6 3.Bg2 Bb7 4.O-O Nf6 5.c4 e6 6.Nc3 Be7 7.d3 d5
8.d4 O-O 9.cxd5 exd5 10.Bf4 Nc6 11.Qa4 Qc8 12.Rfd1 Rd8 13.Rac1
h6 14.Nb5 a6 15.Nc3 Qe6 16.Qb3 Na5 17.Qc2 Rac8 18.Be5 Nc6 19.Bxf6
Bxf6 20.dxc5 bxc5 21.e4 Nb4 22.exd5 Bxd5 23.Qa4 Bxc3 24.Rxc3
Bc6 25.Rxd8+ Rxd8 26.Qa5 Rd1+ 27.Bf1 Bb5 28.Nd2 Rxd2 0-1

[Event "Moscow Open 2009 A"]
[Site ""]
[Date "2009.02.04"]
[Round "5.118"]
[White "Demin, Alexandr"]
[Black "Rettore, Ludwig"]
[Result "1/2-1/2"]
[WhiteElo "2417"]
[BlackElo "2178"]
[Annotator ""]
[Source ""]
[Remark ""]

1.e4 e5 2.Nf3 Nf6 3.Nxe5 d6 4.Nf3 Nxe4 5.d3 Nf6 6.d4 Be7 7.Be2
O-O 8.O-O h6 9.c4 Bf5 10.Nc3 Nbd7 11.h3 Re8 12.Bd3 Bxd3 13.Qxd3
d5 14.Bf4 dxc4 15.Qxc4 Bd6 16.Bxd6 cxd6 17.Nb5 Qb6 18.Rab1 Rac8
19.Qd3 a6 20.Nc3 Qa5 21.Nd2 Nb6 22.a3 Qh5 23.Rfe1 Nbd5 24.Nde4
Nxe4 25.Rxe4 Nxc3 26.Rxe8+ Rxe8 27.bxc3 b5 1/2-1/2